Trease and evans pharmacognosy / (Record no. 9276)

MARC details
000 -LEADER
fixed length control field 00603nam a22002052 4500
001 - CONTROL NUMBER
control field 0000020346
005 - DATE AND TIME OF LATEST TRANSACTION
control field 20151217152212.0
008 - FIXED-LENGTH DATA ELEMENTS--GENERAL INFORMATION
fixed length control field 110913s xx 000 0 eng d
020 ## - INTERNATIONAL STANDARD BOOK NUMBER
International Standard Book Number 0702029349 :
040 ## - CATALOGING SOURCE
Original cataloging agency KABU
Transcribing agency KABU
245 10 - TITLE STATEMENT
Title Trease and evans pharmacognosy /
Statement of responsibility, etc. [edited by] William Charles Evans.
250 ## - EDITION STATEMENT
Edition statement 16th ed.
260 ## - PUBLICATION, DISTRIBUTION, ETC. (IMPRINT)
Place of publication, distribution, etc. London :
Name of publisher, distributor, etc. Elsevier,
Date of publication, distribution, etc. 2009.
300 ## - PHYSICAL DESCRIPTION
Extent ix, 603 p.
650 #0 - SUBJECT ADDED ENTRY--TOPICAL TERM
Topical term or geographic name as entry element PPharmacognosy.
-- 0000180536
700 1# - ADDED ENTRY--PERSONAL NAME
Personal name Evans, William Charles.
-- 0000180537
852 1# - LOCATION
-- p2320 KES
908 ## - PUT COMMAND PARAMETER (RLIN)
Put command parameter 110913
950 ## - LOCAL HOLDINGS (RLIN)
-- 1
Holdings
Withdrawn status Lost status Source of classification or shelving scheme Not for loan Home library Current library Date acquired Total Checkouts Total Renewals Full call number Barcode Date last seen Date last checked out Price effective from Koha item type Cost, normal purchase price Copy number
    Library of Congress Classification   Kabarak, Main Campus Kabarak, Main Campus 17/12/2015 13 2 RS160 .T74 2009 c. 1 21447 13/10/2025 24/09/2025 17/12/2015 General Collection    
    Library of Congress Classification   Kabarak, Main Campus Kabarak, Main Campus 17/12/2015 9 1 RS160 .T74 2009 c. 2 022126 11/11/2024 24/10/2024 17/12/2015 General Collection 3950.00  
    Library of Congress Classification   Kabarak, Main Campus Kabarak, Main Campus 13/10/2018 6   RS160 .T74 2009 c. 3 022632 19/10/2022 30/09/2022 13/10/2018 General Collection 3870.69 c. 3
    Library of Congress Classification   Kabarak, Main Campus Kabarak, Main Campus 13/10/2018 10 1 RS160 .T74 2009 c. 4 022633 25/07/2022 12/07/2022 13/10/2018 General Collection 3870.69 c. 4
    Library of Congress Classification   Kabarak, Main Campus Kabarak, Main Campus 13/10/2018 7 2 RS160 .T74 2009 c. 5 022634 08/04/2023 11/03/2023 13/10/2018 General Collection 3870.69 c. 5
    Library of Congress Classification   Kabarak, Main Campus Kabarak, Main Campus 13/10/2018 5 2 RS160 .T74 2009 c. 6 022635 09/11/2022 08/10/2022 13/10/2018 General Collection 3870.69 c. 6
    Library of Congress Classification   Kabarak, Main Campus Kabarak, Main Campus 13/10/2018 5   RS160 .T74 2009 c. 7 022636 15/12/2022 09/09/2022 13/10/2018 General Collection 3870.69 c. 7
    Library of Congress Classification   Kabarak, Main Campus Kabarak, Main Campus 13/10/2018 5 1 RS160 .T74 2009 c. 8 022637 30/01/2020 16/01/2020 13/10/2018 General Collection 3870.69 c. 8
    Library of Congress Classification   Kabarak, Main Campus Kabarak, Main Campus 13/10/2018 4 1 RS160 .T74 2009 c. 9 022638 11/07/2024 08/06/2024 13/10/2018 General Collection 3870.69 c. 9
    Library of Congress Classification   Kabarak, Main Campus Kabarak, Main Campus 13/10/2018 5 1 RS160 .T74 2009 c. 10 022639 13/07/2021 28/06/2021 13/10/2018 General Collection 3870.69 c. 10
    Library of Congress Classification   Kabarak, Main Campus Kabarak, Main Campus 13/10/2018 8 2 RS160 .T74 2009 c. 11 022640 21/10/2022 16/09/2022 13/10/2018 General Collection 3870.69 c. 11
    Library of Congress Classification   Kabarak, Main Campus Kabarak, Main Campus 13/10/2018 5   RS160 .T74 2009 c. 12 022641 07/12/2022 24/11/2022 13/10/2018 General Collection 3870.69 c. 12
Designed with assistance from East African Informatics Ltd